[Event "Voronezh op-B 17th"]
[Site "Voronezh"]
[Date "2013.06.17"]
[Round "6"]
[White "Krivtsov, Alexander"]
[Black "Chernov, Vladimir S"]
[Result "1-0"]
[WhiteElo "1944"]
[BlackElo "1878"]
[PlyCount "147"]
[EventDate "2013.06.12"]
[EventType "swiss"]
[EventRounds "9"]
[EventCountry "RUS"]
[SourceTitle "EXT 2014"]
[Source "ChessBase"]
[SourceDate "2013.11.20"]
[SourceVersion "1"]
[SourceVersionDate "2013.11.20"]
[SourceQuality "1"]

1. Nf3 d5 2. b3 c5 3. Bb2 Nc6 4. g3 Nf6 5. Bg2 Bg4 6. 0-0 e6 7. d3 Bd6 8. c4 d4 9. e4 Ne5 10. Qe2 0-0 11. Nbd2 Nfd7 12. h3 Bxf3 13. Nxf3 Nxf3+ 14. Bxf3 Qc7 15. Bg2 f5 16. exf5 exf5 17. f4 Rae8 18. Bd5+ Kh8 19. Qg2 b6 20. Rae1 Nf6 21. Bc1 Re7 22. Bd2 Rfe8 23. Bf3 Kg8 24. Rxe7 Rxe7 25. Re1 Kf8 26. Rxe7 Qxe7 27. Qe2 Ne8 28. Qxe7+ Kxe7 29. g4 Kf6 30. Bc6 Nc7 31. gxf5 Kxf5 32. Be4+ Kf6 33. Kf2 g6 34. Kf3 Ne6 35. Kg4 h5+ 36. Kf3 Bc7 37. Bd5 Ng7 38. Be4 Ne6 39. Bd5 Ng7 40. Be4 Ne6 41. a3 a5 42. Bd5 Ng7 43. Bb7 Nf5 44. Bc8 Ne7 45. Bd7 Bb8 46. Ke4 Bd6 47. Bc1 Bc7 48. Bd2 Bd6 49. b4 axb4 50. axb4 Bc7 51. bxc5 bxc5 52. Be1 g5 53. fxg5+ Kxg5 54. h4+ Kh6 55. Bd2+ Kg7 56. Be8 Bg3 57. Bg5 Ng6 58. Bxg6 Kxg6 59. Kd5 Kf5 60. Kxc5 Ke5 61. Kc6 Ke6 62. c5 Be5 63. Kb7 Kd5 64. c6 Kc5 65. Be7+ Kb5 66. c7 Bxc7 67. Kxc7 Ka4 68. Bc5 Kb3 69. Bxd4 Kc2 70. Bf6 Kxd3 71. Kd6 Ke4 72. Ke6 Kf4 73. Bg5+ Ke4 74. Kf6 1-0

[Event "Voronezh op-B 17th"]
[Site "Voronezh"]
[Date "2013.06.12"]
[Round "1"]
[White "Filippov, Vladimir Mikhailovi"]
[Black "Krivtsov, Alexander"]
[Result "1/2-1/2"]
[WhiteElo "1980"]
[BlackElo "1944"]
[PlyCount "94"]
[EventDate "2013.06.12"]
[EventType "swiss"]
[EventRounds "9"]
[EventCountry "RUS"]
[SourceTitle "EXT 2014"]
[Source "ChessBase"]
[SourceDate "2013.11.20"]
[SourceVersion "1"]
[SourceVersionDate "2013.11.20"]
[SourceQuality "1"]

1. Nf3 d5 2. b3 Nf6 3. Bb2 g6 4. g3 Bg7 5. Bg2 0-0 6. 0-0 c5 7. e3 Nc6 8. d3 Re8 9. Nbd2 Bg4 10. h3 Bd7 11. Re1 Qc8 12. Kh2 Ng4+ 13. hxg4 Bxb2 14. Rb1 Bc3 15. g5 Bg4 16. Rh1 Ne5 17. Qf1 Nxf3+ 18. Nxf3 e5 19. Bh3 Bxh3 20. Qxh3 Qxh3+ 21. Kxh3 Rad8 22. Rbd1 Rd6 23. Ng1 Ba5 24. Nf3 f5 25. e4 Bc3 26. Kg2 Rf8 27. exd5 Rxd5 28. Ng1 f4 29. Nf3 b5 30. Rdf1 b4 31. Rh4 Rd6 32. Rfh1 Rf7 33. Nh2 fxg3 34. fxg3 Bd2 35. Nf3 Bc3 36. Re4 Rf5 37. Rf1 Ra6 38. g4 Rf4 39. Rxf4 exf4 40. Rf2 Rxa2 41. Re2 Kf7 42. Nh2 Bd4 43. Kf3 Be3 44. Nf1 Bc1 45. Ke4 Ra6 46. Kd5 Ra5 47. Kc4 f3 1/2-1/2